| 000 | 01228nam0a2200337 4500 | ||
|---|---|---|---|
| 001 | RU\NLR\bibl\92716 | ||
| 005 | 20260408163728.0 | ||
| 010 |
_a5-8301-0042-8 _98000 |
||
| 021 |
_aRU _b2000-6599 _9328 |
||
| 035 | _a(NLR Aleph) 000090595 | ||
| 090 |
_a508138 _c508138 |
||
| 100 | _a20000616d1999 |||y0rusy50 ca | ||
| 101 | 1 |
_arus _cfre |
|
| 102 | _aRU | ||
| 105 | _ay ||||||||| | ||
| 200 | 1 |
_aРазум цветов _aЖизнь пчел _fМорис Метерлинк _gПредисл. Х.Л. Борхеса _g[Пер. с фр. Л. Вилькиной] |
|
| 210 |
_aСПб. _cАмфора _d1999 |
||
| 215 |
_a504, [1] с. _d17 |
||
| 225 | 1 | _aЛичная библиотека Борхеса | |
| 606 | 0 |
_aФилософия бельгийская _92168675 _3RU\NLR\auth\661304682 |
|
| 606 |
_aЖивая природа _xФилософские вопросы _3RU\NLR\AUTH\66427156 _91089578 |
||
| 686 | _aЮ3(4Б) | ||
| 686 | 1 |
_aЮ252 _bЕ013 |
|
| 700 | 1 |
_4070 _8rus _7ca _aМетерлинк _bМ. _f1862-1949 _gМорис _3RU\NLR\auth\7721457 _94519 |
|
| 801 | 0 |
_aRU _bNLR _c20000616 _gPSBO |
|
| 801 | 1 |
_aRU _bNLR _c20000616 |
|
| 852 |
_aNLR _j2000-2/767 |
||
| 942 | _cBOOK | ||
| 980 | _aNB | ||